| Tag |
First Indicator |
Second Indicator |
Subfields |
| LEADER |
00000cam a2200000 a 4500 |
| 001 |
in00000008543 |
| 005 |
20151003070017.0 |
| 008 |
870601s1987 dcua b 00010 eng |
| 010 |
|
|
|a 87015337
|
| 020 |
|
|
|a 0309044537 (pbk.)
|
| 035 |
|
|
|a (OCoLC)16090873
|
| 035 |
|
|
|9 AAA0937AM
|
| 040 |
|
|
|a DLC
|c DLC
|d TXA
|d UtOrBLW
|
| 050 |
0 |
0 |
|a TE220
|b .N37 1987
|
| 082 |
0 |
|
|a 625.7/6
|2 19
|
| 110 |
2 |
|
|a National Research Council (U.S.).
|b Transportation Research Board.
|
| 245 |
1 |
0 |
|a Designing safer roads :
|b practices for resurfacing, restoration, and rehabilitation.
|
| 264 |
|
1 |
|a Washington, D.C. :
|b Transportation Research Board, National Research Council,
|c 1987.
|
| 300 |
|
|
|a vii, 319 pages :
|b illustrations ;
|c 23 cm.
|
| 336 |
|
|
|a text
|b txt
|2 rdacontent
|
| 337 |
|
|
|a unmediated
|b n
|2 rdamedia
|
| 338 |
|
|
|a volume
|b nc
|2 rdacarrier
|
| 490 |
1 |
|
|a Special report / Transportation Research Board, National Research Council ;
|v 214
|
| 504 |
|
|
|a Includes bibliographies.
|
| 650 |
|
0 |
|a Roads
|x Maintenance and repair.
|
| 650 |
|
0 |
|a Roads
|x Design and construction.
|
| 830 |
|
0 |
|a Special report (National Research Council (U.S.). Transportation Research Board) ;
|v 214.
|
| 999 |
|
|
|a MARS
|
| 999 |
f |
f |
|s 9a11c861-746b-3e82-8ec1-e33647a8eb8e
|i 8161f021-21a8-3ca5-ba8b-a258ca61ee52
|t 0
|
| 952 |
f |
f |
|p ric
|a Texas A&M University
|b Rellis Campus
|c Joint Library Facility
|d Remote Storage
|t 0
|e TE220 .N37 1987
|h Library of Congress classification
|i unmediated -- volume
|m A14812563883
|
| 952 |
f |
f |
|p default
|a Texas A&M University
|b College Station
|c Sterling C. Evans Library
|d Evans: Microforms (3rd floor)
|t 0
|e fiche S 753 no.214
|h Other scheme
|i unmediated -- volume
|
| 998 |
f |
f |
|a TE220 .N37 1987
|t 0
|l Remote Storage
|
| 998 |
f |
f |
|a fiche S 753 no.214
|t 0
|l Evans: Microforms (3rd floor)
|